000 01122nam a2200325Ia 4500
003 OSt
005 20221007122025.0
006 a|||||r|||| 00| 0
007 ta
008 221006b |||||||| |||| 00| 0 eng d
020 _a0321314883 (pbk)
_cRs.4295.44
024 _a76159
037 _b144/06-07, 29/11/2006, N R Book Distributors
_cTextbook
040 _aBDL
_cBDL
_beng
041 _2eng
_aeng
082 _aG, P6 Carb
100 _aCampbell Neil A
_9395839
245 0 _aBiology: Concepts and connections
_b Reece Jane B Taylor Martha R Simon Eric J
250 _a5
260 _aSan
_bFrancisco Pearson Education,Inc.,
_c2006
300 _axxxv, 783p. Includes CD-ROM
_ccm.
500 _aAppendix 1-4p.; Glossary A-Zp.; Index A-Zp.
650 _a Cell biology
650 _aBiology
700 _a Reece Jane B
_9395534
700 _a Simon Eric J
_9482122
700 _a Taylor Martha R
_9424576
942 _hG, P6 Carb
_cTB
_2CC
999 _c1209691
_d1209691